Feminine voices in Indian English fiction/ (Record no. 192258)

MARC details
000 -LEADER
fixed length control field 00563nam a22001817a 4500
005 - DATE AND TIME OF LATEST TRANSACTION
control field 20220916114023.0
010 ## - LCCN (DPL NO)
LC control number ENG-135071
020 ## - INTERNATIONAL STANDARD BOOK NUMBER
Terms of availability 400.00
International Standard Book Number 978-93-89146-33-2
035 ## - SYSTEM CONTROL NUMBER
System control number EN-118603
037 ## - SOURCE OF ACQUISITION
Source of stock number/acquisition DBAD/PUB
082 ## - DEWEY DECIMAL CLASSIFICATION NUMBER
Classification number 305.4
245 ## - TITLE STATEMENT
Title Feminine voices in Indian English fiction/
Statement of responsibility, etc edited by Venkata Ramani Challa
260 ## - PUBLICATION, DISTRIBUTION, ETC. (IMPRINT)
Name of publisher, distributor, etc Shanlax Publicatiions
Date of publication, distribution, etc 2019
Place of publication, distribution, etc Tamil Nadu
270 ## - ADDRESS
Address 61,66 T.P.K. Main Road
City Tamil Nadu
Postal code 625003
300 ## - PHYSICAL DESCRIPTION
Extent 208p.
Dimensions 22cm(pbk)
700 ## - ADDED ENTRY--PERSONAL NAME
Personal name Venkata Ramani Challa
942 ## - ADDED ENTRY ELEMENTS (KOHA)
Source of classification or shelving scheme Dewey Decimal Classification
Item type English Books
Classification part 305.4
Call number suffix PEM
Holdings
Withdrawn status Lost status Not for loan Collection code Home library Current library Date acquired Source of acquisition Cost, normal purchase price Full call number Barcode Copy number Cost, replacement price Koha item type
      Non-fiction Bawana Bawana 16/09/2022 DBAD/PUB 400.00 305.4 PEM EN-118603 1 400.00 English Books

© Delhi Public Library
Hit Counter
free hit counter